Emmy nominations 2010 ~ Actors Quiz Stats

Quiz not verified by Sporcle

Challenge
Share
Tweet
Embed
Score 0/47 Timer 15:00
0 Plays Today
Show/Category Actor % Correct
The Office / Lead Actor ComedySteve Carell
100%
30 Rock / Lead Actress ComedyTina Fey
98.9%
30 Rock / Lead Actor ComedyAlec Baldwin
96.8%
House M.D. / Lead Actor DramaHugh Laurie
92.6%
Curb Your Enthusiasm / Lead Actor ComedyLarry David
90.5%
Mad Men / Lead Actor DramaJon Hamm
86.3%
Dexter / Lead Actor DramaMichael C. Hall
86.3%
Nurse Jackie / Lead Actress ComedyEdie Falco
86.3%
How I Met Your Mother / Supporting Actor ComedyNeil Patrick Harris
86.3%
Parks and Recreation / Lead Actress ComedyAmy Poehler
84.2%
Lost / Lead ActorDramaMatthew Fox
83.2%
Breaking Bad / Lead Actor DramaBryan Cranston
82.1%
The New Adventures of Old Christine / Lead Actress ComedyJulia Louis-Dreyfus
82.1%
Monk / Lead Actor ComedyTony Shalhoub
81.1%
United States of Tara / Lead Actress ComedyToni Collette
80%
Damages/ Lead Actress DramaGlenn Close
80%
Two and a Half Men / Supporting Actor ComedyJon Cryer
78.9%
Glee / Lead Actress ComedyLea Michele
76.8%
Glee / Lead Actor ComedyMatthew Morrison
75.8%
The Big Band Theory / Lead Actor ComedyJim Parsons
75.8%
Law & Order: SVU/ Lead Actress DramaMariska Hargitay
72.6%
Mad Men/ Lead Actress DramaJanuary Jones
71.6%
Glee / Supporting Actress ComedyJane Lynch
71.6%
The Closer / Lead Actress DramaKyra Sedgwick
70.5%
Show/Category Actor % Correct
Friday Night Lights/ Lead Actor DramaKyle Chandler
68.4%
30 Rock / Supporting Actress ComedyJane Krakowski
67.4%
Saturday Night Live / Supporting Actress ComedyKristen Wiig
67.4%
The Good Wife/ Lead Actress DramaJulianna Margulies
61.1%
Modern Family / Supporting Actress ComedyJulie Bowen
61.1%
Friday Night Lights / Lead Actress DramaConnie Britton
60%
Modern Family / Supporting Actor ComedyEric Stonestreet
60%
Modern Family / Supporting Actor ComedyTy Burrell
58.9%
Glee / Supporting Actor ComedyChris Colfer
57.9%
Mad Men / Supporting Actress DramaElisabeth Moss
55.8%
Modern Family / Supporting Actor ComedyJessy Tyler Ferguson
54.7%
Mad Men / Supporting Actress DramaChristina Hendricks
53.7%
Lost / Supporting Actor DramaMichael Emerson
49.5%
Lost / Supporting Actor DramaTerry O'Quinn
49.5%
Breaking Bad / Supporting Actor DramaAaron Paul
49.5%
Mad Men / Supporting Actor DramaJohn Slattery
49.5%
Men of a Certain Age / Supporting Actor DramaAndre Braugher
46.3%
Two and a Half Men / Supporting Actress ComedyHolland Taylor
46.3%
Damages / Supporting Actress DramaRose Byrne
38.9%
The Good Wife / Supporting Actress DramaChristine Baranski
34.7%
The Good Wife / Supporting Actress DramaArchie Panjabi
33.7%
Burn Notice / Supporting Actress DramaSharon Gless
21.1%
Damages / Supporting Actor DramaMartin Short
17.9%

You're not logged in!

Compare scores with friends on all Sporcle quizzes.
Sign Up with Email
OR
Log In

You Might Also Like...

Show Comments

Extras

Top Quizzes Today


Score Distribution

Your Account Isn't Verified!

In order to create a playlist on Sporcle, you need to verify the email address you used during registration. Go to your Sporcle Settings to finish the process.